000 00555nam a2200181Ia 4500
008 151018s9999 xx 000 0 und d
082 _bRBASDV33075
_a891.463
100 _aसंजय सोनवणी
245 _aअखेरचा सम्राट
250 _b2
260 _bपुण्य
_c2000
300 _a230
600 _aसंजय सोनवणी
630 _aअखेरचा सम्राट
700 _aसंजय सोनवणी
730 _aअखेरचा सम्राट
942 _cBOOK
999 _c1032595
_d1032592